World's busiest stations - Statistics

General Stats
  • This quiz has been taken 24 times
  • The average score is 6 of 10
Answer Stats
Rank Country Station name % Correct
4 Japan Osaka/Umeda
96%
7 Japan Tokyo
96%
2 Japan Shibuya
83%
1 Japan Shinjuku
83%
3 Japan Ikebukuro
70%
5 Japan Yokohama
70%
6 Japan Kita-Senju
52%
10 Japan Takadanobaba
43%
9 France Gare du Nord
35%
8 India Howrah
0%
No matching quizzes found
Score Distribution
Percent of People with Each Score
Percentile by Number Answered
Your Score History
You have not taken this quiz